|
|
|
|
| LEADER |
00000ntmaa2200000 a 4500 |
| 001 |
vtls012267737 |
| 003 |
SK-MaSNL |
| 005 |
20260302082709.0 |
| 008 |
241202q1907 xo || 000 1 slo |
| 040 |
|
|
|a SNKLA
|b slo
|c SNKLA
|e AACR2
|
| 041 |
0 |
|
|a slo
|
| 044 |
|
|
|a xo
|c SK
|
| 072 |
|
7 |
|a 323
|x Vnútropolitický vývoj, politický život
|2 konspekt
|
| 080 |
|
|
|a 025.171
|2 2011
|
| 080 |
|
|
|a 323.11:316.356.4(091)
|2 2011
|
| 080 |
|
|
|a 314.113:323.1
|2 2011
|
| 080 |
|
|
|a 323:327
|2 2001
|
| 080 |
|
|
|a (046)
|2 2011
|
| 080 |
|
|
|a 323.17
|2 2011
|
| 080 |
|
|
|a (436+439)
|2 2011
|
| 100 |
1 |
|
|a Škultéty, Jozef,
|d 1853-1948
|4 aut
|9 189198
|
| 245 |
1 |
0 |
|a Ani 1867, ani 1848, ale národná samospráva
|c [Jozef Škultéty]
|
| 260 |
|
|
|a [Martin]
|c [medzi 1907 a 1917?]
|
| 300 |
|
|
|a 8 strán, 1 nečíslovaná strana
|b rukopis, voľné listy
|c 21 cm
|
| 500 |
|
|
|a Autor podľa iných prác pod signatúrou 49
|
| 520 |
2 |
|
|a Článok k riešeniu národnostnej otázky v Rakúsko-Uhorsku, o národnej samospráve, autonómii
|
| 555 |
0 |
|
|a Inventár rukopisov Literárneho archívu Matice slovenskej X. Fondy 46 - 51. Martin : Matica slovenská 1981
|
| 561 |
|
|
|a Okrúhla pečiatka: Matica slovenská Martin Literárny archív
|
| 650 |
0 |
7 |
|a národnostná otázka
|2 SNKPH
|9 98538
|
| 650 |
0 |
7 |
|a národný záujem
|2 SNKPH
|9 90903
|
| 650 |
0 |
7 |
|a národnostná politika
|2 SNKPH
|9 4656
|
| 650 |
0 |
7 |
|a autonómia
|2 SNKPH
|9 28289
|
| 651 |
|
7 |
|a Rakúsko-Uhorsko
|2 SNKPHgeo
|9 36860
|
| 655 |
|
7 |
|a rukopisy
|2 SNKPH
|9 70548
|
| 655 |
|
7 |
|a články
|2 SNKPH
|9 70601
|
| 852 |
|
|
|a SNK
|b Literárny archív
|
| 958 |
|
|
|a OF
|
| 958 |
|
|
|a LAVD
|
| 999 |
|
|
|c 1181021
|d 1182951
|
| 952 |
|
|
|a SNKLA
|b SNKLA
|c SNKLA_DEP
|y NEVYP
|7 0
|p 17A123793
|o snk49 CE 20
|0 0
|1 0
|4 0
|d 2024-12-02
|f 1
|l 0
|r 2026-02-24 21:37:55
|w 2026-02-24
|